Datum a čas kvízu

32 Celkem bodů Celkový počet nahraných bodů na tomto kvízu bez doplňovacích otázek.
2. Pořadí na kvízu Konečné umístění týmu na tomto kvízu.

Zaznamenané odpovědi

# Otázka Odpověď Body Výsledky
1. Vedení ČSSD zařadilo na čtvrté... Petr Benda 0
2. Americký prezident pokračuje v... TikTok 1
3. Tom Hanks a jeho manželka Rita... Řecko 1
4. Jedna z japonských automobilek... Mitsubishi 1
5. V italském mimořádně obtížném... Zdeněk Štybar 1
6. V tomto tématu se blíže podívá... A 1
7. Tato mapa vyznačuje jistý kult... Laponsko 1
8. Jak se nazývá ostrov ležící 30... Utøya 0
9. Tento Švéd se v poslední době... Epidemiolog. 0
10. Tato běžkyně na lyžích se s ka... Marit Bjørgenová 1